Estadísticas para 15 principales países con muertes de Covid-19 - 4 de enero

Haz click aquí para intentar la prueba.

Estadísticas generales

  • Esta prueba ha sido intentada 4 veces
  • La puntuación promedio es 17 de 23

Estadísticas de respuestas

país% Correcto
Alemania
100%
Argentina
100%
Brasil
100%
Colombia
100%
España
100%
Estados Unidos
100%
Francia
100%
India
100%
Irán
100%
Italia
100%
México
100%
Reino Unido
100%
Rusia
100%
Bélgica
75%
Sudáfrica
75%
Chequia
50%
Eslovenia
50%
Perú
50%
Bosnia y Herzegovina
25%
Croacia
25%
Hungría
25%
Macedonia del Norte
25%
Bulgaria
0%

Distribución de puntuación

Porcentaje por número respondido

Porcentaje de gente con cada puntuación

Historial de tus puntuaciones

No has intentado esta prueba.